000 00982nam a22003137a 4500
001 9781
003 FISKH
005 20260224090704.0
008 260224b cb ||||| |||| 00| 0 eng d
020 _a9780756661670
040 _aFISKH
_beng
_cFISKH
_dFISKH
050 _a PZ7 .G14295 .G
082 _a591.75
100 _aGambrell , Linda B
245 _aGarden friends /
_cBy Linda B. Gambrell
250 _aFirst American Edition 2003
260 _aLondon :
_bDK Publishing ,
_c2003.
300 _a31 pages :
_bcolor illustrations ;
_c23 cm .
490 _aDK Readers
_vPre-Level 1
505 _aD
520 _aA child greets some of the animals living in a garden, including a butterfly, bee, grasshopper, frog, worm, spider, and more.
521 8 _a250
_bLexile
521 8 _aD
_bRaz-Plus
650 _aBugs
_vNon-fiction
650 _aInsects
_vNon-fiction
700 _aLock , Deborah
_eSeries Editor
942 _2ddc
_cBK
_n0
999 _c9781
_d9781